000 00539nam a2200193Ia 4500
999 _c14931
_d14931
003 OSt
005 20201020125055.0
008 190216s9999||||xx |||||||||||||| ||und||
020 _a9789351508908
040 _coclc
082 _a155.33
_bNAR/N
100 _aNarrain, Arvind
_95954
245 0 _aNothing To Fix /
_cArvind Narrain ; Vinay Chandran
250 _a1st Edi.
260 _bSage Publishers ,
_c2016.
_aLondon:
300 _a337p
650 _aEnglish
942 _cBK
_2ddc
_h155.33
_iNAR/N
_k155.33
_mNAR/N